| 000 | | | 04365nmc2a22002773x 450 |
| 001 | | | 2485d74a-3228-48d4-bbba-97f449b0c514 |
| 005 | | | 20211220194610.0 |
| 100 | ## | $a | 20211122l18631865k y0rusy50 ca |
| 101 | 0# | $a | rus |
| | $a | pol |
| 102 | ## | $a | RU |
| 105 | ## | $a | a z ||||| |
| 122 | 2# | $a | d18631231 |
| | $a | d18651231 |
| 200 | 1# | $a | Материалы по финансовым мероприятиям в Польше с приложением "общей росписи доходов и расходов царства Польского". /на польск. и русск. яз./ |
| | $j | 1863-1865 |
| 215 | ## | $a | 136 листов |
| | $c | табл. |
| 251 | ## | $c | Дело |
| 300 | ## | $a | Заголовок дела на папке: Материалы, касающиеся финансовых мероприятий в Царстве Польском. Общая роспись доходов и расходов Царства Польского. 1863-1865 г. |
| 300 | ## | $a | Текст на русском и польском языках |
| 300 | ## | $a | Напечатано типографским способом |
| 330 | ## | $a | Входит в раздел описи: 1. Материалы о служебной деятельности. с/ Польша |
| 461 | #0 | $1 | 001702d5e87-6901-4c63-8165-d848da7b6444 |
| | $1 | 2001 |
| | $a | Арцимович Виктор Антонович, сенатор, Тобольский (1854-1858 гг.) и Калужский (1858-1862 гг.) губернатор, вице-председатель государственного совета Царства Польского (С 1863 г.) |
| | $1 | 251 |
| | $c | Фонд |
| | $1 | 852 |
| | $j | 815 |
| 462 | #0 | $1 | 001559b76c2-49f1-4f4f-bd3c-238599c7510c |
| | $1 | 2001 |
| | $a | Дела постоянного хранения. 1821-1891 |
| | $v | Д. 310 |
| | $1 | 251 |
| | $c | Опись |
| | $1 | 852 |
| | $j | 1 |
| 517 | 1# | $a | Материалы, касающиеся финансовых мероприятий в Царстве Польском. Общая роспись доходов и расходов Царства Польского. 1863-1865 г. |
| 600 | #1 | $a | Арцимович |
| | $b | В. А. |
| | $g | Виктор Антонович |
| 801 | #0 | $a | RU |
| | $b | GA_RF |
| 801 | #1 | $a | RU |
| | $b | ГлавНИВЦ |
| | $c | 20211122 |
| | $2 | rusmarc |
| 801 | #2 | $a | RU |
| | $b | ПБ им. Б.Н. Ельцина |
| | $c | 20211220 |
| | $g | RCR |
| | $2 | rusmarc |
| 852 | ## | $a | ГА РФ |
| | $j | 310 |
| 937 | ## | $d | 171867128 |
| | $h | ГАРФ |
| 035 | ## | $a | RuPRLIB51062375 |
| 856 | ## | $u | http://readingroom.main.prlib.ru/item.aspx?id_node=n171867128&mode=full |